Elements of Workshop Technology Vol - II (Record no. 50513)

MARC details
000 -LEADER
fixed length control field 00398nam a2200145Ia 4500
008 - FIXED-LENGTH DATA ELEMENTS--GENERAL INFORMATION
fixed length control field 220530s9999 xx 000 0 und d
041 ## - LANGUAGE CODE
Language code of text/sound track or separate title eng
082 ## - DEWEY DECIMAL CLASSIFICATION NUMBER
Classification number 631.304
Item number CHO
100 ## - MAIN ENTRY--PERSONAL NAME
Personal name Choudhury Hajra S K
9 (RLIN) 55496
245 ## - TITLE STATEMENT
Title Elements of Workshop Technology Vol - II
260 ## - PUBLICATION, DISTRIBUTION, ETC. (IMPRINT)
Place of publication, distribution, etc. Mumbai
Date of publication, distribution, etc. 2011
300 ## - PHYSICAL DESCRIPTION
Extent 670 P,18
Other physical details PB
700 ## - ADDED ENTRY--PERSONAL NAME
Personal name Nirjhar Roy Choudhury Hajra S K
9 (RLIN) 55497
906 ## - LOCAL DATA ELEMENT F, LDF (RLIN)
a 48
b MECH
Holdings
Withdrawn status Lost status Damaged status Not for loan Collection code Home library Current library Date acquired Vendor Cost, normal purchase price Full call number Barcode Date last seen Cost, replacement price Bill Date Koha item type Original Barcode
        Mechanical Engineering Cummins College of Engineering for Women Nagpur Cummins College of Engineering for Women Nagpur 30/09/2011 International Book House Pvt Ltd 240.00 631.304/CHO CEWN-BK-2819 30/05/2022 192.00 30/05/2022 Books 002819